សិក្សាកម្មវិធីអភិវឌ្ឍន៍ព្រៃឈើតាមរូបភាពសហគមន៍ព្រៃឈើ (Record no. 3081)

000 -LEADER
fixed length control field 00551nam a22001577a 4500
003 - CONTROL NUMBER IDENTIFIER
control field OSt
005 - DATE AND TIME OF LATEST TRANSACTION
control field 20151104084238.0
008 - FIXED-LENGTH DATA ELEMENTS--GENERAL INFORMATION
fixed length control field 151104b xxu||||| |||| 00| 0 eng d
040 ## - CATALOGING SOURCE
Transcribing agency RUA
082 ## - DEWEY DECIMAL CLASSIFICATION NUMBER
Classification number FORច័ន្ទ 1995 B121 Or.1
100 ## - MAIN ENTRY--PERSONAL NAME
9 (RLIN) 3301
Personal name ច័ន្ទ ប៉ុណ្ណិកា
245 ## - TITLE STATEMENT
Title សិក្សាកម្មវិធីអភិវឌ្ឍន៍ព្រៃឈើតាមរូបភាពសហគមន៍ព្រៃឈើ
260 ## - PUBLICATION, DISTRIBUTION, ETC. (IMPRINT)
Place of publication, distribution, etc. Phnom Penh
Name of publisher, distributor, etc. RUA
Date of publication, distribution, etc. 1995
300 ## - PHYSICAL DESCRIPTION
Extent 66p.
Other physical details ill.
Dimensions 29cm.
942 ## - ADDED ENTRY ELEMENTS (KOHA)
Source of classification or shelving scheme
Koha item type FOR
Holdings
Price effective from Date last seen Permanent Location Not for loan Date acquired Source of classification or shelving scheme Koha item type Barcode Lost status Damaged status Shelving location Withdrawn status Current Location Full call number
2015-11-042015-11-04Library Block B 2015-11-04 FORRUA010558  B121 Library Block BFOR ច័ន្ទ 1995 B121 Or.1
2015-11-042015-11-04Library Block B 2015-11-04 FORRUA027781  B121 Library Block BFOR ច័ន្ទ 1995 B121 Or.2
2015-11-042015-11-04Library Block B 2015-11-04 FORRUA027709  B121 Library Block BFOR ច័ន្ទ 1995 B121 Or.3
2015-11-042015-11-04Library Block B 2015-11-04 FORRUA010908  B121 Library Block BFOR ច័ន្ទ 1995 B121 Or.4
2015-11-042015-11-04Library Block B 2015-11-04 FORRUA026434  B121 Library Block BFOR ច័ន្ទ 1995 B121 Or.5
មជ្ឈមណ្ឌលឯការនៃសាកលវិទ្យាល័យភូមិន្ទកសិកម្មចំការដូង

Powered by Koha